00530nam a22001697a 450000500170000001000150001702000260003203500140005803700130007208200140008510000270009924500690012626000350019527000700023030000200030050000400032020151001121804.0 aENG-113774 a9789383334377c995.00 aEN- 97306 bDBAD/PUB a070.40954 aTiwarii, Krishna Kumar aHistory of print journalism in India /c by Krishna Kumar Tiwari aDelhibA.K. Publicationsc2014 aB-61./E-1, Gali No.14, Jagat Puri Extn. Shahdara bDelhi e110093 a196p.c23cm(Hb) aIncludes bibliographical references